Amino Acids and the Asymmetry of Life Caught in the Act of Formation /

"How did life originate and why were left-handed molecules selected for its architecture?" This question of high public and interdisciplinary scientific interest is the central theme of this book. It is widely known that in processes triggering the origin of life on Earth, the equal occurr...

Full description

Main Author: Meierhenrich, Uwe. (Author, http://id.loc.gov/vocabulary/relators/aut)
Corporate Author: SpringerLink (Online service)
Language:English
Published: Berlin, Heidelberg : Springer Berlin Heidelberg : Imprint: Springer, 2008.
Edition:1st ed. 2008.
Series:Advances in Astrobiology and Biogeophysics,
Subjects:
Online Access:https://doi.org/10.1007/978-3-540-76886-9
LEADER 04707nam a22005895i 4500
001 978-3-540-76886-9
003 DE-He213
005 20210616024511.0
007 cr nn 008mamaa
008 100301s2008 gw | s |||| 0|eng d
020 |a 9783540768869  |9 978-3-540-76886-9 
024 7 |a 10.1007/978-3-540-76886-9  |2 doi 
050 4 |a QD431-431.7 
072 7 |a PSBC  |2 bicssc 
072 7 |a SCI007000  |2 bisacsh 
072 7 |a PSB  |2 thema 
082 0 4 |a 572.6  |2 23 
100 1 |a Meierhenrich, Uwe.  |e author.  |4 aut  |4 http://id.loc.gov/vocabulary/relators/aut 
245 1 0 |a Amino Acids and the Asymmetry of Life  |h [electronic resource] :  |b Caught in the Act of Formation /  |c by Uwe Meierhenrich. 
250 |a 1st ed. 2008. 
264 1 |a Berlin, Heidelberg :  |b Springer Berlin Heidelberg :  |b Imprint: Springer,  |c 2008. 
300 |a XXII, 242 p. 127 illus., 12 illus. in color.  |b online resource. 
336 |a text  |b txt  |2 rdacontent 
337 |a computer  |b c  |2 rdamedia 
338 |a online resource  |b cr  |2 rdacarrier 
347 |a text file  |b PDF  |2 rda 
490 1 |a Advances in Astrobiology and Biogeophysics,  |x 1610-8957 
505 0 |a Tracing Life’s Origin: From Amino Acids to Space Mission ROSETTA -- Stereochemistry for the Study of the Origin of Life -- Minority Report: Life’s Chiral Molecules of Opposite Handedness -- When Crystals Deliver Chirality to Life -- When Parity Falls: The Weak Nuclear Interaction -- Chiral Fields: Light, Magnetism, and Chirality -- Key to the Prebiotic Origin of Amino Acids -- A New Record for Chiral Molecules in Meteorites -- The New Space Race: Chiral Molecules on Comets and on Mars -- Accelerating the Carousel: Amplification Mechanisms. 
520 |a "How did life originate and why were left-handed molecules selected for its architecture?" This question of high public and interdisciplinary scientific interest is the central theme of this book. It is widely known that in processes triggering the origin of life on Earth, the equal occurrence, the parity between left-handed amino acids and their right-handed mirror images, was violated. The balance is inevitably tipped to the left – provoking that life’s proteins today exclusively implement the left form of amino acids. Written in an intoxicating style, this book describes how the basic building blocks of life, the amino acids, formed. After a comprehensible introduction into stereochemistry, the author addresses the inherent property of amino acids in living organisms, namely the preference for left-handedness. What was the cause for violation of parity of amino acids in the emergence of life on Earth? All the fascinating models proposed by physicists, chemists and biologist are vividly presented including the scientific conflicts. The author describes the attempt to verify any of those models with the chirality module of the ROSETTA mission, a probe built and launched with the mission to land on a comet and analyse whether there are chiral organic compounds that could have been brought to the Earth by cometary impacts. A truly interdisciplinary astrobiology book, "Amino Acids and the Asymmetry of Life", will fascinate students, researchers and all readers with backgrounds in natural sciences.. With a foreword by Henri B. Kagan. 
650 0 |a Proteins . 
650 0 |a Bioorganic chemistry. 
650 0 |a Astrobiology. 
650 0 |a Geobiology. 
650 0 |a Space sciences. 
650 0 |a Biochemistry. 
650 1 4 |a Protein Science.  |0 https://scigraph.springernature.com/ontologies/product-market-codes/L14040 
650 2 4 |a Bioorganic Chemistry.  |0 https://scigraph.springernature.com/ontologies/product-market-codes/C19010 
650 2 4 |a Astrobiology.  |0 https://scigraph.springernature.com/ontologies/product-market-codes/P22057 
650 2 4 |a Biogeosciences.  |0 https://scigraph.springernature.com/ontologies/product-market-codes/G35010 
650 2 4 |a Space Sciences (including Extraterrestrial Physics, Space Exploration and Astronautics).  |0 https://scigraph.springernature.com/ontologies/product-market-codes/P22030 
650 2 4 |a Biochemistry, general.  |0 https://scigraph.springernature.com/ontologies/product-market-codes/L14005 
710 2 |a SpringerLink (Online service) 
773 0 |t Springer Nature eBook 
776 0 8 |i Printed edition:  |z 9783642095580 
776 0 8 |i Printed edition:  |z 9783540869627 
776 0 8 |i Printed edition:  |z 9783540768852 
830 0 |a Advances in Astrobiology and Biogeophysics,  |x 1610-8957 
856 4 0 |u https://doi.org/10.1007/978-3-540-76886-9 
912 |a ZDB-2-EES 
912 |a ZDB-2-SXEE 
950 |a Earth and Environmental Science (SpringerNature-11646) 
950 |a Earth and Environmental Science (R0) (SpringerNature-43711)